| 000 | 00947nam a2200289Ia 4500 | ||
|---|---|---|---|
| 003 | GCL | ||
| 008 | 140319s9999 xx 000 0 ara d | ||
| 020 | _a3535346977 | ||
| 040 |
_aGCL / _cGCL |
||
| 082 | 0 | 4 |
_a398.2 _bم ا |
| 100 | 1 | _aمجدى كامل | |
| 245 | 1 | 0 |
_aاشهر الاساطير فى التاريخ / _cمجدى كامل |
| 250 | _aالاولى | ||
| 260 |
_aسوريا : _bدار الكتاب العربى ، _c2003 |
||
| 300 |
_a258 ص ؛ _c24 سم |
||
| 650 | 0 | 4 | _aالفولكلور |
| 650 | 0 | 4 | _aالاساطير العربية |
| 650 | 0 | 4 | _aالادب الشعبى |
| 650 | 0 | 4 | _aالقصص الخرافية |
| 650 | 0 | 4 | _aالاساطير |
| 650 | 0 | 4 | _aالاساطير اليونانية |
| 650 | 0 | 4 | _aالاساطير الجغرافية |
| 650 | 0 | 4 | _aالاساطير التاريخية |
| 650 | 0 | 4 | _aالاساطير الافريقية |
| 650 | 0 | 4 | _aالاساطير الحيوانية |
| 942 |
_2ddc _cBK |
||
| 999 |
_c5908 _d5908 |
||